Instructional videos in teaching geometry for grade 7 students (Record no. 75183)
[ view plain ]
| 000 -LEADER | |
|---|---|
| fixed length control field | 04725nam a22003017i 4500 |
| 003 - CONTROL NUMBER IDENTIFIER | |
| control field | URS |
| 003 - CONTROL NUMBER IDENTIFIER | |
| control field | URS |
| 005 - DATE AND TIME OF LATEST TRANSACTION | |
| control field | 20240416181614.0 |
| 008 - FIXED-LENGTH DATA ELEMENTS--GENERAL INFORMATION | |
| fixed length control field | 190125b xxu||||| |||| 00| 0 eng d |
| 040 ## - CATALOGING SOURCE | |
| Original cataloging agency | URS |
| Language of cataloging | eng |
| Description conventions | rda |
| 041 ## - LANGUAGE CODE | |
| Language code of text/sound track or separate title | eng |
| 050 00 - LIBRARY OF CONGRESS CALL NUMBER | |
| Classification number | LB1043.5 |
| Item number | Ib1 2015 |
| 100 1# - MAIN ENTRY--PERSONAL NAME | |
| Personal name | Ibañes, Princess Ivy V. |
| Relator term | author |
| 245 ## - TITLE STATEMENT | |
| Title | Instructional videos in teaching geometry for grade 7 students |
| 260 ## - PUBLICATION, DISTRIBUTION, ETC. | |
| Date of publication, distribution, etc. | 2015 |
| 300 ## - PHYSICAL DESCRIPTION | |
| Extent | xii, 58 leaves : |
| Other physical details | colour illustrations ; |
| Dimensions | 28 cm |
| 336 ## - CONTENT TYPE | |
| Source | rda content |
| Content type term | text |
| 337 ## - MEDIA TYPE | |
| Source | rda media |
| Media type term | unmediated |
| 338 ## - CARRIER TYPE | |
| Source | rda carrier |
| Carrier type term | volume |
| 502 ## - DISSERTATION NOTE | |
| Degree type | Thesis (Bachelor of Secondary Education major in Mathematics) -- University of Rizal System-Morong. |
| 520 ## - SUMMARY, ETC. | |
| Summary, etc. | EXECUTIVE SUMMARY: The study focused on the effectiveness of the instructional videos in teaching geometry for grade 7 students. It was conducted at URS-Laboratory Schools during the School Year 2014-2015, with thirty (30) students of Grade 7 from University of Rizal System Laboratory Schools it utilized an experimental method of research. The subject-respondents were grouped into two to compose the experimental and control groups with fifteen (15) students each. It also employed pretest and posttest design. It made use of the experimental method of research utilizing pretest/posttest design. The respondents were given pretest and posttest to determine the effectiveness of the developed instructional videos in Geometry for Grade 7. The lessons included two (2) selected topics in Geometry such as Parallel Lines and Transversals and sum of Angles of a Triangle. The average in the three grading periods was the equating variable in assigning the number of students in experimental and control groups. The control group was exposed to the traditional method of teaching Geometry while the experimental group was exposed to the developed instructional videos in Geometry. To determine the level of performance of the experimental and control groups as revealed by the pretest and posttest scores, mean and standard deviation were applied. To determine whether there is a significant difference on the level of performance of the experimental and control groups as revealed by the pretest and posttest scores with respect to the different lessons, dependent t-test was used and to determine if there is significant difference on the level of performance of the experimental and control groups as revealed by the posttest scores with respect to the different lessons, independent t-test was applied. Meanwhile to determine the level of effectiveness of the developed instructional videos in Geometry, mean percentage increase was utilized. The study found out that the control group without the instructional videos in Geometry for grade 7 was developing before the lesson and approaching proficiency and proficient after the lessons respectively. While the experimental group with the interpretations Approaching Proficiency before the lesson and with interpretations of Advance and Proficient in posttest; the study found out that there was significant difference on the level of performance of the experimental and control groups as revealed by the pretest and posttest of the experimental and control groups as revealed by the pretest and posttest scores with respect to the lessons Parallel Lines and Transversals and Sum of Angles of a triangle in Geometry, there was significant difference on the level of performance of the experimental and control groups as revealed by the posttest scores on lessons Parallel Lines and Transversals and Sum of Angles of a Triangle in Geometry, and also that instructional videos in teaching geometry for grade 7 students is effective in the lesson Parallel Lines and Transversals and moderately effective in the lesson Sum of Angles of a Triangle. Moreover, in the light of the finding, the study concluded that the instructional materials in technology like videos contributed to the performance of the students in Geometry. From the conclusions drawn, the study recommended that the developed instructional videos in Geometry may be utilized by teachers in the teaching of Geometry. Also, the developed instructional videos in Geometry may be subjected for validation for better improvement of the instructional material and parallel studies may be conducted considering other group of students and other variables such as academic performance in Mathematics. |
| 650 ## - SUBJECT ADDED ENTRY--TOPICAL TERM | |
| Topical term or geographic name entry element | Teaching--Aids and devices. |
| 700 1# - ADDED ENTRY--PERSONAL NAME | |
| Personal name | Campo, Abigael U. |
| Relator term | author |
| 700 1# - ADDED ENTRY--PERSONAL NAME | |
| Personal name | Suan, April M. |
| Relator term | author |
| 700 1# - ADDED ENTRY--PERSONAL NAME | |
| Personal name | Avecilla, Leni A. |
| Relator term | degree supervisor |
| 856 ## - ELECTRONIC LOCATION AND ACCESS | |
| Materials specified | Online Request for Student Unpublished Works |
| Uniform Resource Identifier | <a href="https://forms.gle/7LqvGGkaDrUQqz429">https://forms.gle/7LqvGGkaDrUQqz429</a> |
| 942 ## - ADDED ENTRY ELEMENTS (KOHA) | |
| Source of classification or shelving scheme | Library of Congress Classification |
| Koha item type | Theses and dissertations |
No items available.